000 00770nam a2200193 i 4500
001 48511
003 ES-MaACL
005 20230906161750.0
007 t|
008 950724s1895 sp ||||1| spa d
040 _aCAM
_bspa
_cCAM
100 1 _aDelgado López, Dámaso.
_943462
245 1 0 _aCrónica de los festejos en Montilla... por la beatificación del V. Maestro Juan de Avila y la vida del mismo y su proceso /
_cpor Dámaso Delgado López.
260 _aMontilla :
_b[s.n.],
_c1895 (
_fEstablecimiento tipográfico y papelería de El Progreso)
300 _a145, [1] p. ;
_c22 cm.
530 _aDisponible en formato digital.
852 _aES-MaACL
_jT-792-F-4
856 _uhttp://bdh-rd.bne.es/viewer.vm?id=0000056206&page=1
_zBiblioteca Digital Hispánica
999 _c48511
_d48511